header

Greening the data center (Record no. 133838)

MARC details
000 -LEADER
fixed length control field 01339nam a2200325 a 4500
100 1# - MAIN ENTRY--AUTHOR NAME
Personal name Spafford, George.
245 10 - TITLE STATEMENT
Title Greening the data center
260 ## - PUBLICATION, DISTRIBUTION, ETC. (IMPRINT)
Place of publication Ely, U.K. :
Name of publisher IT Governance Pub.,
Year of publication 2009.
300 ## - PHYSICAL DESCRIPTION
Number of Pages 60 p.
650 #0 - SUBJECT ADDED ENTRY--TOPICAL TERM
Topical Term Data libraries
Topical Term Data processing service centers
Topical Term Information technology
Topical Term Green technology.
Topical Term Social responsibility of business.
856 40 - ELECTRONIC LOCATION AND ACCESS
Uniform Resource Identifier http://site.ebrary.com/lib/rucke/Doc?id=10439463

No items available.

© 2026 Rongo University
Contact us: librarian | system librarian | Rongo university